MARC

LEADER 00000nam0a2200000 4500
001 260466
005 20231101233500.0
010 |a 5020020400 
035 |a (RuTPU)RU\TPU\book\283415 
090 |a 260466 
100 |a 20140515d1988 k y0rusy50 ca 
101 0 |a rus 
102 |a RU 
105 |a a z 001zy 
200 1 |a Тектоника плиты картографов (Тихий океан)  |f Академия наук СССР (АН СССР), Дальневосточное отделение (ДВО), Институт морской геологии и геофизики (ИМГиГ) ; под ред. П. М. Сычева 
210 |a Москва  |c Наука  |d 1988 
215 |a 88 с.  |c ил.  |e Прилож: карта. 
320 |a Библиогр.: с. 83-87. 
606 1 |a Тектоника  |2 stltpush  |3 (RuTPU)RU\TPU\subj\58770  |9 76521 
610 1 |a плиты 
610 1 |a Тихий океан 
610 1 |a земная кора 
610 1 |a геодинамика 
610 1 |a глубинная структура 
610 1 |a магнитные поля 
610 1 |a тепловые поля 
610 1 |a структурная эволюция 
675 |a 551.24  |v 3 
702 1 |a Сычев  |b П. М.  |4 340 
712 0 2 |a Академия наук СССР (АН СССР)  |b Дальневосточное отделение (ДВО)  |b Институт морской геологии и геофизики (ИМГиГ)  |c (Южно-Сахалинск)  |2 stltpush  |3 (RuTPU)RU\TPU\col\20771 
801 1 |a RU  |b 63413507  |c 20140515 
801 2 |a RU  |b 63413507  |c 20150424  |g RCR 
942 |c BK